[Event "AUT-ch"]
[Site "Vienna"]
[Date "2023.07.24"]
[Round "3"]
[White "Goetz, Christoph"]
[Black "Belke, Frank"]
[Result "0-1"]
[WhiteElo "1937"]
[BlackElo "2204"]
[PlyCount "100"]
[EventDate "2023.07.22"]
[EventType "swiss"]
[EventRounds "9"]
[EventCountry "AUT"]
[SourceTitle "CBM 215 Extra"]
[Source "ChessBase"]
[SourceDate "2023.09.30"]
[SourceVersion "1"]
[SourceVersionDate "2023.09.30"]
[SourceQuality "1"]

1. e4 e6 2. d4 d5 3. e5 c5 4. c3 Nc6 5. Nf3 Bd7 6. a3 c4 7. Be2 Na5 8. Nbd2 Qc7 9. 0-0 Ne7 10. Rb1 h6 11. h4 0-0-0 12. Qc2 Kb8 13. b4 cxb3 14. Nxb3 Ba4 15. Nfd2 Rc8 16. Qd3 Nec6 17. Na1 Be7 18. h5 Ka8 19. Bd1 Bxd1 20. Rxd1 Nb8 21. Bb2 Nc4 22. Nxc4 Qxc4 23. Qxc4 Rxc4 24. Rd3 Rcc8 25. Rg3 Rhg8 26. Bc1 Nd7 27. Nc2 Nb6 28. Rb3 Na4 29. Bd2 a6 30. Ne3 b5 31. f4 Kb7 32. Rf3 Kc6 33. Ng4 Kd7 34. f5 exf5 35. Ne3 Bg5 36. Rxf5 Bxe3+ 37. Bxe3 Ke6 38. Rf3 Rxc3 39. Rxc3 Nxc3 40. Kf1 Ne4 41. Rf4 g5 42. hxg6 Rxg6 43. Rh4 Ng3+ 44. Kf2 Nf5 45. Rh1 Kd7 46. Bf4 Rc6 47. Rc1 Rxc1 48. Bxc1 Nxd4 49. Bxh6 Ke6 50. Ke3 Nf5+ 0-1

[Event "AUT-chT 2223"]
[Site "Austria"]
[Date "2023.04.14"]
[Round "10.6"]
[White "Buhmann, Rainer"]
[Black "Goetz, Christoph"]
[Result "1-0"]
[WhiteElo "2559"]
[BlackElo "1891"]
[PlyCount "67"]
[EventDate "2022.11.03"]
[EventType "team-tourn"]
[EventRounds "11"]
[EventCountry "AUT"]
[SourceTitle "EXT 2024"]
[Source "ChessBase"]
[SourceDate "2023.10.10"]
[SourceVersion "1"]
[SourceVersionDate "2023.10.10"]
[SourceQuality "1"]
[WhiteTeam "Jenbach"]
[BlackTeam "Tschaturanga"]
[WhiteTeamCountry "AUT"]
[BlackTeamCountry "AUT"]

1. d4 f5 2. Nf3 Nf6 3. c4 g6 4. e3 Bg7 5. Be2 a5 6. b3 0-0 7. 0-0 d6 8. Ba3 b6 9. Nc3 Nc6 10. Rc1 Nb4 11. Bb2 c5 12. a3 Nc6 13. Nb5 Ne4 14. Nd2 Nxd2 15. Qxd2 e5 16. dxc5 dxc5 17. Qd5+ Qxd5 18. cxd5 Ne7 19. Bc4 Kh8 20. Rfd1 Bd7 21. d6 Nc8 22. Nc7 Ra7 23. Ne6 Bxe6 24. Bxe6 Rd8 25. d7 Ne7 26. Rd6 Rb7 27. e4 fxe4 28. g4 g5 29. Rcd1 Bf6 30. Bc4 Kg7 31. Rxf6 Rdxd7 32. Rxd7 Rxd7 33. Bxe5 Ng6 34. Rf7+ 1-0

[Event "AUT-chT 2223"]
[Site "Austria"]
[Date "2023.03.23"]
[Round "5.2"]
[White "Goetz, Christoph"]
[Black "Neyman, Igor"]
[Result "0-1"]
[WhiteElo "1891"]
[BlackElo "2366"]
[PlyCount "88"]
[EventDate "2022.11.03"]
[EventType "team-tourn"]
[EventRounds "11"]
[EventCountry "AUT"]
[SourceTitle "CBM 213 Extra"]
[Source "ChessBase"]
[SourceDate "2023.05.31"]
[SourceVersion "1"]
[SourceVersionDate "2023.05.31"]
[SourceQuality "1"]
[WhiteTeam "Tschaturanga"]
[BlackTeam "Goetzis"]
[WhiteTeamCountry "AUT"]
[BlackTeamCountry "AUT"]

1. e4 c5 2. Nc3 Nc6 3. f4 g6 4. Nf3 Bg7 5. a4 e6 6. g3 Nge7 7. e5 d6 8. exd6 Qxd6 9. d3 b6 10. Bg2 Bb7 11. Be3 0-0 12. 0-0 Rad8 13. Qe2 Qb8 14. Rab1 Nf5 15. Bf2 Qa8 16. Rfe1 Ncd4 17. Bxd4 cxd4 18. Nd1 h5 19. Ne5 Bxe5 20. Bxb7 Qxb7 21. Qxe5 Rd5 22. Qe2 Rc8 23. c4 dxc3 24. bxc3 Qd7 25. Nf2 Qxa4 26. Ne4 Kg7 27. c4 Rd4 28. Nc3 Qc6 29. Nb5 Rd7 30. Qe5+ Kg8 31. Rbd1 Qf3 32. Qe4 Qg4 33. Kf2 Rcd8 34. d4 h4 35. Qf3 hxg3+ 36. hxg3 Qxf3+ 37. Kxf3 a6 38. Nc3 Rxd4 39. Rxd4 Rxd4 40. Ne4 Rxc4 41. g4 Ne7 42. g5 Nd5 43. Ra1 a5 44. Rb1 Rxe4 0-1

[Event "AUT-ch Vor4 Internet"]
[Site "Playchess.com INT"]
[Date "2020.04.25"]
[Round "2"]
[White "Goetz, Christoph"]
[Black "Mittelbach, Eduard"]
[Result "1-0"]
[WhiteElo "1768"]
[BlackElo "1667"]
[PlyCount "29"]
[EventDate "2020.04.25"]
[EventType "swiss (blitz)"]
[EventRounds "9"]
[EventCountry "AUT"]
[SourceTitle "EXT 2021"]
[Source "ChessBase"]
[SourceDate "2020.10.23"]
[SourceVersion "1"]
[SourceVersionDate "2020.10.23"]
[SourceQuality "1"]

1. e4 d5 2. exd5 Nf6 3. d4 Nxd5 4. c4 Nb6 5. Nc3 e5 6. d5 Bc5 7. Nf3 0-0 8. Bd3 f5 9. Nxe5 Re8 10. f4 g5 11. Qh5 gxf4 12. Qf7+ Kh8 13. Bxf4 Qh4+ 14. g3 Qg4 15. Qxe8+ 1-0

[Event "AUT-ch Vor4 Internet"]
[Site "Playchess.com INT"]
[Date "2020.04.25"]
[Round "9"]
[White "Huber, Guenter"]
[Black "Goetz, Christoph"]
[Result "1-0"]
[WhiteElo "1979"]
[BlackElo "1768"]
[PlyCount "127"]
[EventDate "2020.04.25"]
[EventType "swiss (blitz)"]
[EventRounds "9"]
[EventCountry "AUT"]
[SourceTitle "EXT 2021"]
[Source "ChessBase"]
[SourceDate "2020.10.23"]
[SourceVersion "1"]
[SourceVersionDate "2020.10.23"]
[SourceQuality "1"]

1. c4 f5 2. g3 Nf6 3. Bg2 e5 4. Nc3 Bc5 5. e3 d6 6. Nge2 0-0 7. 0-0 Qe8 8. d4 Bb6 9. dxe5 dxe5 10. b3 Qh5 11. Nd5 Nbd7 12. Nec3 Qxd1 13. Rxd1 e4 14. a4 c6 15. Nxb6 axb6 16. Ba3 Re8 17. Rd6 Ne5 18. Rad1 b5 19. Rd8 bxc4 20. Rxe8+ Nxe8 21. bxc4 Nxc4 22. Bc5 Ne5 23. Rd8 Kf7 24. Bf1 Nd7 25. Bc4+ Kg6 26. Rxe8 Nxc5 27. Kg2 b6 28. h3 Bb7 29. Rxa8 Bxa8 30. Kf1 Kf6 31. Ke2 Ke5 32. Ba2 Bb7 33. Bb1 Ba6+ 34. Kd2 Bc4 35. Bc2 Bb3 36. Bxb3 Nxb3+ 37. Kc2 Nc5 38. Kd2 Nd3 39. Nd1 Kd6 40. f3 Kc5 41. fxe4 fxe4 42. Nc3 Nf2 43. Ke2 Nxh3 44. Nxe4+ Kb4 45. Kf3 c5 46. Kg2 Kxa4 47. Kxh3 c4 48. Kg2 Kb3 49. Kf2 c3 50. Ke2 Kc2 51. Nd6 Kb2 52. Nc4+ Kb1 53. Kd3 b5 54. Kxc3 bxc4 55. e4 g5 56. e5 h5 57. e6 h4 58. gxh4 gxh4 59. e7 h3 60. e8Q h2 61. Qe1+ Ka2 62. Qf2+ Ka1 63. Qxh2 Kb1 64. Qb2# 1-0

[Event "AUT-ch Vor4 Internet"]
[Site "Playchess.com INT"]
[Date "2020.04.25"]
[Round "5"]
[White "Kratochwill, Christian"]
[Black "Goetz, Christoph"]
[Result "0-1"]
[WhiteElo "1717"]
[BlackElo "1768"]
[PlyCount "108"]
[EventDate "2020.04.25"]
[EventType "swiss (blitz)"]
[EventRounds "9"]
[EventCountry "AUT"]
[SourceTitle "EXT 2021"]
[Source "ChessBase"]
[SourceDate "2020.10.23"]
[SourceVersion "1"]
[SourceVersionDate "2020.10.23"]
[SourceQuality "1"]

1. e4 d5 2. exd5 Nf6 3. Nf3 Qxd5 4. Nc3 Qd8 5. Bc4 Bf5 6. 0-0 e6 7. d3 Be7 8. Bf4 Nbd7 9. Nb5 0-0 10. Nxc7 Rc8 11. Nb5 a6 12. Nbd4 Bg6 13. Ne5 b5 14. Bb3 Nc5 15. Nxg6 hxg6 16. Be3 Qd7 17. h3 Rfd8 18. Nf3 Nxb3 19. axb3 Qc6 20. c3 Ra8 21. Ne5 Qd5 22. Bd4 a5 23. Nf3 Nd7 24. c4 Qc6 25. Ne5 Qd6 26. Nf3 e5 27. Be3 Bf6 28. Qc2 b4 29. Rfd1 Nc5 30. g3 Ne6 31. Ne1 Nd4 32. Bxd4 Qxd4 33. Kg2 Re8 34. Nf3 Qc5 35. d4 exd4 36. Nxd4 Bxd4 37. Qd3 Rad8 38. Qf3 Bxb2 39. Rxd8 Rxd8 40. Ra2 Bf6 41. h4 Qe5 42. Qb7 Qc3 43. Rxa5 Qxb3 44. Rb5 Qxc4 45. Rxb4 Qd5+ 46. Qxd5 Rxd5 47. Rb8+ Rd8 48. Rb6 Kf8 49. Kh3 Ke7 50. f4 Rd3 51. Kg4 Bd4 52. Rb7+ Kf6 53. Rb4 Bf2 54. Rb2 Rxg3# 0-1

[Event "AUT-ch U08/10"]
[Site "Schwarzach"]
[Date "2008.06.07"]
[Round "4"]
[White "Hoegl, Emanuel"]
[Black "Goetz, Christoph"]
[Result "1/2-1/2"]
[WhiteElo "1356"]
[BlackElo "1282"]
[PlyCount "139"]
[EventDate "2008.06.06"]
[EventType "swiss"]
[EventRounds "7"]
[EventCountry "AUT"]
[SourceTitle "EXT 2009"]
[Source "ChessBase"]
[SourceDate "2008.11.26"]
[SourceVersion "1"]
[SourceVersionDate "2008.11.26"]
[SourceQuality "1"]

1. c4 e5 2. e3 Bb4 3. a3 Bc5 4. b4 Be7 5. Bb2 Bf6 6. Be2 Ne7 7. Qc2 Ng6 8. Nf3 d6 9. 0-0 0-0 10. d4 Nc6 11. d5 Nce7 12. Nbd2 Bf5 13. Bd3 e4 14. Bxe4 Bxb2 15. Qxb2 Bxe4 16. Nxe4 Nf5 17. Rab1 Nfh4 18. Nxh4 Qxh4 19. Nd2 Qg5 20. Ne4 Qg4 21. Ng3 c6 22. dxc6 bxc6 23. Qd4 Qxd4 24. exd4 Rab8 25. h3 h6 26. c5 dxc5 27. dxc5 Ne5 28. Ne4 Nc4 29. Ra1 Ra8 30. Rfc1 Ne5 31. Nd6 Rfd8 32. Nc4 Nxc4 33. Rxc4 a5 34. Rcc1 Kh7 35. Kh2 g5 36. Rd1 Rxd1 37. Rxd1 axb4 38. axb4 Ra4 39. Rd7 Kg6 40. Rd6+ f6 41. Rxc6 Rxb4 42. Rb6 Rc4 43. Rc6 Kf5 44. g4+ Ke5 45. Kg3 Kd5 46. Rxf6 h5 47. Rf5+ Kc6 48. Rxg5 Rc3+ 49. Kh4 Kd7 50. Rxh5 Ke7 51. Re5+ Kf6 52. Re3 Rxc5 53. Rf3+ Kg6 54. Rg3 Rc4 55. Rd3 Rc2 56. f4 Rc4 57. Rd6+ Kf7 58. Kh5 Rxf4 59. h4 Kg7 60. Kg5 Ra4 61. Rd7+ Kf8 62. h5 Kg8 63. Re7 Ra6 64. Kh4 Ra5 65. h6 Kh8 66. g5 Kg8 67. h7+ Kh8 68. Kh5 Ra6 69. g6 Rxg6 70. Kxg6 1/2-1/2

[Event "AUT-ch U08/10"]
[Site "Schwarzach"]
[Date "2008.06.07"]
[Round "6"]
[White "Proyer, Enno"]
[Black "Goetz, Christoph"]
[Result "1-0"]
[WhiteElo "1372"]
[BlackElo "1282"]
[PlyCount "77"]
[EventDate "2008.06.06"]
[EventType "swiss"]
[EventRounds "7"]
[EventCountry "AUT"]
[SourceTitle "EXT 2009"]
[Source "ChessBase"]
[SourceDate "2008.11.26"]
[SourceVersion "1"]
[SourceVersionDate "2008.11.26"]
[SourceQuality "1"]

1. e4 e5 2. Nf3 d6 3. d4 exd4 4. Nxd4 Nf6 5. Nc3 Be7 6. Bd3 0-0 7. 0-0 Nc6 8. Nxc6 bxc6 9. Bg5 Be6 10. Re1 Ng4 11. Bxe7 Qxe7 12. h3 Nf6 13. Qf3 Qd7 14. Rad1 Rab8 15. b3 h6 16. Qe3 Ra8 17. e5 dxe5 18. Bh7+ Nxh7 19. Rxd7 Bxd7 20. Rd1 Be8 21. Qxe5 Rc8 22. Qc5 Nf6 23. Qxa7 Bd7 24. a4 Rfd8 25. Qc5 Kh7 26. f3 g5 27. a5 Kg6 28. a6 h5 29. a7 g4 30. hxg4 hxg4 31. fxg4 Re8 32. g5 Nd5 33. Nxd5 cxd5 34. Rxd5 Bg4 35. Qc6+ Kg7 36. Qh6+ Kg8 37. g6 c6 38. Qh7+ Kf8 39. Qxf7# 1-0